| 000 | 00371nam a22001577a 4500 | ||
|---|---|---|---|
| 003 | SGT | ||
| 020 | _a978-0-7020-7166-9 | ||
| 082 |
_a616.0757 _bC18W |
||
| 100 | _aWATSON, NICK | ||
| 245 | _aCHAPMAN & NAKIELNY'S GUIDE TO RADIOLOGICAL PROCEDURES | ||
| 250 | _a7TH | ||
| 260 |
_aEDINBURGH _bELSEVIER _c2018 |
||
| 300 | _a446 | ||
| 650 | _aRADIOLOGY | ||
| 942 |
_2ddc _cBK _08 |
||
| 999 |
_c19625 _d19625 |
||